Vista normal
Vista MARC
Entrada Nombre de reunión
Número de registros utilizados en: 1
001 - NÚMERO DE CONTROL
- campo de control: 71723
003 - IDENTIFICADOR DEL NÚMERO DE CONTROL
- campo de control: OSt
005 - FECHA Y HORA DE LA ÚLTIMA TRANSACCIÓN
- campo de control: 20200615040022.0
008 - DATOS DE LONGITUD FIJA
- campo de control de longitud fija: 200615|| aca||aabn | a|a d
040 ## - FUENTE DE LA CATALOGACIÓN
- Centro catalogador/agencia de origen: OSt
- Centro/agencia transcriptor: OSt
111 ## - ENCABEZAMIENTO--NOMBRE DE CONGRESO/REUNIÓN
- Nombre de congreso/reunión o jurisdicción como elemento de entrada: Foro Eurolatinoamericano de Comunicación
- Número del congreso/reunión o número de parte o sección: (8:
- Fecha del congreso/reunión: 2002 : 11-14 nov.
- Sede del congreso/Lugar de la reunión: Santo Domingo )
670 ## - FUENTE DE DATOS ENCONTRADOS
- Cita de la fuente: Work cat.: (OSt)43345: Foro Eurolatinoamericano de Comunicación (8: 2002 : 11-14 nov. Santo Domingo ), Crisis y oportunidades en América Latina /, 2003.
